| 000 | 00561nam a2200145Ia 4500 | ||
|---|---|---|---|
| 008 | 170221s9999 xx 000 0 und d | ||
| 100 | _aAleksey I. Pykhtin | ||
| 245 | _aFeatures of the Purposes Formation of the Education Management System | ||
| 245 | _cAleksey I. Pykhtin, Olga V. Ignatyeva, Arkadiy N. Silenko, Marina V. Melnichuk, Anatoly I. Chernykh | ||
| 260 | _bInternational Review of Management and Marketing | ||
| 260 | _cAugust 2014 | ||
| 300 | _a3:3 | ||
| 650 | _xMarketing. | ||
| 856 | _uhttp://www.econjournals.com/index.php/irmm/issue/view/86 | ||
| 999 |
_c310156 _d310156 |
||